000 00361nam a2200145Ia 4500
005 20251222143116.0
008 251222s9999||||xx |||||||||||||| ||spa||
020 _a8485266404
082 _a704.948.5/R75
100 _aRodriguez Culebra, Ramón
245 0 _aEl Rostro de Cristo en el Arte Español
250 _a1ra. ed.
264 _bUrbión
942 _cLIB
999 _c11370
_d11370